00401nam a2200145 a 4500008004100000020001800041050001400059100001600073245006800089260004100157300001500198350001000213650001500223650001700238150421s2013 ||||||||||||||||| || u a9781849207416 aHD 31 Udo aUdo, Staber10aUnderstanding organizations: theories and imagescBy Udo Staber aLos AngelesbSAGE Publicationsc2013 avii, 268p. a55.06 0aMANAGEMENT aORGANIZATION